¡Hola familia! (Registro nro. 57082)

Detalles MARC
000 -CABECERA
Longitud fija campo de control 01593nam a2200349 i 4500
003 - IDENTIFICADOR DEL NUMERO DE CONTROL
Identificador del número de control CO-BoRNBP
005 - FECHA Y HORA DE LA ULTIMA TRANSACCION
Fecha y hora de la última transacción 20250526114546.0
007 - CAMPO FIJO DE DESCRIPCION FISICA
Campo fijo de descripción física ta
008 - CODIGOS DE INFORMACION DE LONGITUD FIJA
Códigos de información de longitud fija 231128s2023 ck a|||er ||0 0 spa d
020 ## - NUMERO INTERNACIONAL NORMALIZADO PARA LIBROS
Número Internacional Normalizado para Libros (ISBN) 9789585242012
020 ## - NUMERO INTERNACIONAL NORMALIZADO PARA LIBROS
Número Internacional Normalizado para Libros (ISBN) 9788419271457
040 ## - FUENTE DE LA CATALOGACION
Centro catalogador de origen CO-BoRNBP
Lengua de catalogación spa
Normas de descripción rda
Centro transcriptor CO-BoRNBP
041 0# - CODIGO DE LENGUA
Código de lengua original spa
043 ## - CODIGO DE AREA GEOGRAFICA
Número de control del registro de autoridad o número normalizado s-ck---
082 04 - NUMERO DE LA CLASIFICACION DECIMAL DEWEY
Número de clasificación (R) 155.422
Número del ítem B34h
Número de edición 22
084 ## - Clasificación Local Alfanúmerica PNLB
Número de clasificación 14700
100 ## - PUNTO DE ACCESO PRINCIPAL-NOMBRE DE PERSONA
Nombre de persona Bilbao, Álvaro,
Fechas asociadas al nombre 1976- ,
245 11 - TITULO PROPIAMENTE DICHO
Título ¡Hola familia!
Resto del título el primer diccionario bebé-mamá, bebé-papá
Mención de responsabilidad, etc. Álvaro Bilbao ; ilustrado por Susana Soto
250 ## - MENCION DE EDICION
Mención de edición Edición especial para el Ministerio de las Culturas
264 #1 - PRODUCCION, PUBLICACION , DISTRIBUCION, FABRICACION Y COPYRIGHT
Lugar de producción, publicación, distribución, fabricación Bogotá, Colombia
Nombre del productor, editor, distribuidor, fabricante Faro Editores
Fecha de de producción, publicación, distribución, fabricación o copyright 2023
300 ## - DESCRIPCION FISICA
Extensión 135 páginas
Otras características físicas ilustraciones, dibujos a color
Dimensiones 21 cm
336 ## - TIPO DE CONTENIDO
Término de tipo de contenido texto
Código de tipo de contenido txt
Fuente rdacontenido
337 ## - TIPO DE MEDIO
Nombre del tipo de medio sin mediación
Código del tipo de medio n
Fuente rdamedio
338 ## - TIPO DE SOPORTE
Nombre del tipo de soporte volumen
Código del tipo de soporte nc
Fuente rdasoporte
520 3# - NOTA DE RESUMEN
Resumen, etc, En este precioso libro para mamás y papás que acaban de tener un bebé, el autor nos presenta escenas coti- dianas en las que se traducen el lenguaje de los recién nacidos, lo que les pasa y por qué. El Dr. Álvaro Bilbao, autor superventas, acompañado por las delicadas ilustraciones de Susana Soto, nos des- cubre las claves para entender a nuestro hijo desde su nacimiento. (Tomado a partes del texto).
521 ## - NOTA DE PUBLICO DESTINATARIO
Nota público destinatario (R ) Recomendado para un público adulto
650 10 - PUNTO DE ACCESO ADICIONAL DE MATERIA - TERMINO DE MATERIA
Término de materia o nombre geográfico como elemento inicial Psicología del recién nacido
Fuente del encabezamiento ARMARC
650 10 - PUNTO DE ACCESO ADICIONAL DE MATERIA - TERMINO DE MATERIA
Término de materia o nombre geográfico como elemento inicial Desarrollo Infantil
Subdivisión de materia general Emociones
Fuente del encabezamiento ARMARC
650 10 - PUNTO DE ACCESO ADICIONAL DE MATERIA - TERMINO DE MATERIA
Término de materia o nombre geográfico como elemento inicial Crianza de niños
Subdivisión de materia general Conducta
Fuente del encabezamiento ARMARC
700 ## - PUNTO DE ACCESO ADICIONAL - NOMBRE DE PERSONA
Nombre de persona Soto, Susana
942 ## - ENTRADA DE ELEMENTOS AGREGADOS (KOHA)
Fuente de clasificaión o esquema Dewey Decimal Classification
Koha [por defecto] tipo de item LIbro
Existencias
Perdido Fuente de clasificación o esquema Estado Físico No para préstamo Forma de adquisición Localización permanente Localización actual Localización en estanterías Fecha adquisición Préstamos totales Signatura completa Código de barras Fecha última consulta Número de copia Fecha del precio de reemplazo Tipo de item de Koha
  Dewey Decimal Classification     Colección General Biblioteca Pública Cumaral - Alvaro Garzon Torres Biblioteca Pública Cumaral - Alvaro Garzon Torres General 08/29/2025   155.422 B34h CUM00591 08/29/2025 Ej.1 08/29/2025 LIbro
  Clasificación Local Facetada     Colección General Biblioteca Pública Puerto Concordia Biblioteca Pública Puerto Concordia General 01/28/2026   155.422 B34h PCON00422 01/28/2026 Ej.1 01/28/2026 LIbro
  Dewey Decimal Classification     Colección General Biblioteca Pública San Juan de Arama - Concepción de Arama Biblioteca Pública San Juan de Arama - Concepción de Arama General 05/26/2025   155.422 B34h SJA01033 05/26/2025 Ej.1 05/26/2025 LIbro









Instituto Departamental de Cultura del Meta - Red Departamental de Bibliotecas Públicas del Meta.